Longest Pokémon Evolution Lines - Statistics

General Stats
  • This quiz has been taken 29 times
    11 since last reset
  • The average score is 4 of 7
Answer Stats
Answer % Correct
Eevee > Espeon / Flareon / Glaceon / Jolteon / Leafeon / Sylveon / Umbreon / Vaporeon
100%
Ralts > Kirlia > Gardevoir / Gallade
75%
Cosmog > Cosmoem > Solgaleo / Lunala
63%
Wurmple > Cascoon > Dustox / Silcoon > Beautifly
50%
Tyrogue > Hitmonlee / Hitmontop / Hitmonchan
38%
Poliwag > Poliwhirl > Poliwrath / Politoed
25%
Applin > Appletun / Flapple / Dipplin > Hydrapple
0%
No matching quizzes found
Score Distribution
Percent of People with Each Score
Percentile by Number Answered
Your Score History
You have not taken this quiz since the last reset